000
00316 a2200145 4500
001
180986
020
_a
040
_c
Magnum
100
_a
Silva, Alcides R.j. da
240
1
0
_a
Expulsos de campo
_l
por
245
1
0
_a
Expulsos de campo
362
0
_a
1899
697
_a
MAGNITO: J/SOCIEDADE, COTIDIAN
942
_c
BK
999
_c
180986
_d
180986